Paired and interacting galaxies (Record no. 10121)

MARC details
000 -LEADER
fixed length control field 01057nam a2200241Ia 4500
003 - CONTROL NUMBER IDENTIFIER
control field IN-BaIIA
008 - FIXED-LENGTH DATA ELEMENTS--GENERAL INFORMATION
fixed length control field 211028s9999 xx 000 0 eng d
040 ## - CATALOGING SOURCE
Transcribing agency IIA Library
080 ## - UNIVERSAL DECIMAL CLASSIFICATION NUMBER
Universal Decimal Classification number 082.2:52
Item number IAU-C124
111 ## - MAIN ENTRY--MEETING NAME
Meeting name or jurisdiction name as entry element International Astronomical Union Colloquium
Location of meeting Alabama
Date of meeting or treaty signing 1989 Dec. 4-7
9 (RLIN) 17147
245 #0 - TITLE STATEMENT
Title Paired and interacting galaxies
Remainder of title proceedings of the International Astronomical Union Colloquium No.124 held at the University of Alabama at Tuscaloosa, Alabama December 4-7, 1989
Statement of responsibility, etc. edited by J. W. Sulentic, W. C. Keel and C. M. Telesco
260 ## - PUBLICATION, DISTRIBUTION, ETC.
Place of publication, distribution, etc. Washington
Name of publisher, distributor, etc. National Aeronautics and Space Administration
Date of publication, distribution, etc. 1990
300 ## - PHYSICAL DESCRIPTION
Extent xii, 775p.
490 ## - SERIES STATEMENT
Series statement NASA conference publication; no .3098
650 ## - SUBJECT ADDED ENTRY--TOPICAL TERM
Topical term or geographic name entry element Astronomy and Astrophysics Thesaurus
650 ## - SUBJECT ADDED ENTRY--TOPICAL TERM
Topical term or geographic name entry element galaxies
9 (RLIN) 1286
650 ## - SUBJECT ADDED ENTRY--TOPICAL TERM
Topical term or geographic name entry element Interacting galaxies
9 (RLIN) 16734
700 ## - ADDED ENTRY--PERSONAL NAME
Personal name Keel, W. C., ed.
9 (RLIN) 17148
700 ## - ADDED ENTRY--PERSONAL NAME
Personal name Sulentic, J. W., ed.
9 (RLIN) 16580
700 ## - ADDED ENTRY--PERSONAL NAME
Personal name Telesco, C. M., ed.
9 (RLIN) 17149
710 ## - ADDED ENTRY--CORPORATE NAME
Corporate name or jurisdiction name as entry element International Astronomical Union
942 ## - ADDED ENTRY ELEMENTS (KOHA)
Koha item type Books
Holdings
Withdrawn status Lost status Damaged status Not for loan Home library Current library Shelving location Date acquired Total Checkouts Full call number Barcode Date last seen Price effective from Koha item type
        IIA Library-Bangalore IIA Library-Bangalore General Stacks 11/02/1991   082.2:52/ IAU-C124 11031 05/11/2021 11/02/1991 Books

Powered by Koha